Normal view
MARC view
- SUTPHIN, S.E
Entry Personal Name
001 - CONTROL NUMBER
- control field: 65523
003 - CONTROL NUMBER IDENTIFIER
- control field: NUST
005 - DATE AND TIME OF LATEST TRANSACTION
- control field: 20210628203440.0
008 - FIXED-LENGTH DATA ELEMENTS
- fixed length control field: 210628|| aca||aabn | a|a d
040 ## - CATALOGING SOURCE
- Original cataloging agency: NUST
- Transcribing agency: NUST
100 ## - HEADING--PERSONAL NAME
- Personal name: SUTPHIN, S.E
670 ## - SOURCE DATA FOUND
- Source citation: Work cat.: (NUST): SUTPHIN, S.E, UNDERSTANDING SATELLITE TELEVISION RECEPTION, 1986
